000 00875nam a2200229 i 4500
001 22635
003 ES-MaACL
005 20250826122123.0
007 t|
008 021204s1932 mx ||||1| spa d
245 0 0 _aAltamirano y el Barón de Wagner
_b: un incidente diplomático en 1862 /
_cdocumentos recuperados por Joaquín Ramírez Cabañas.
260 _aMéxico :
_bSecretaría de Relaciones Exteriores,
_c1932.
300 _aXX, 92 p. ;
_c20 cm.
490 1 _aArchivo histórico diplomático mexicano ;
_v38
600 1 4 _aAltamirano, Ignacio Manuel,
_d1834-1893
_920518
600 1 4 _aWagner
_cBarón de.
_9148611
651 4 _aMéxico-
_xPolítica exterior-
_yS.XIX.
_9148612
700 1 _aRamírez Cabañas, Joaquín.
_995123
830 0 _aArchivo histórico diplomático mexicano ;
_v38
_9180919
852 _aES-MaACL
_j1775-F-15
999 _c22635
_d22635